Dark Souls 1 Bosses - Statistics

General Stats
  • This quiz has been taken 1,898 times
  • The average score is 21 of 26
Answer Stats
Area Name Answer % Correct
Northern Undead Asylum Asylum Demon
93%
Quelaag's Domain Chaos Witch Quelaag
92%
Kiln of the First Flame Gwyn, Lord of Cinder
92%
Lower Undead Burg Capra Demon
90%
Undead Burg Taurus Demon
89%
Tomb of Giants Gravelord Nito
88%
Darkroot Garden Great Grey Wolf Sif
88%
Sen's Fortress Iron Golem
88%
Crystal Cave Seath the Scaleless
88%
Anor Londo Dragonslayer Ornstein & Executioner Smough
87%
Abyss Four Kings
87%
Lost Izalith The Bed of Chaos
87%
Royal Wood Artorias the Abysswalker
86%
Depths Gaping Dragon
84%
Chasm of the Abyss Manus, Father of the Abyss
84%
The Catacombs Pinwheel
84%
Anor Londo Darksun Gwyndolin
80%
Darkroot Garden Moonlight Butterfly
79%
Undead Parish Bell Gargoyles
76%
Painted World of Ariamis Crossbreed Priscilla
76%
Northern Undead Asylum Stray Demon
75%
Demon Ruins Centipede Demon
73%
Sanctuary Garden Sanctuary Guardian
73%
Demon Ruins Ceaseless Discharge
72%
Royal Wood Black Dragon Kalameet
71%
Demon Ruins Demon Firesage
64%
No matching quizzes found
Score Distribution
Percent of People with Each Score
Percentile by Number Answered
Your Score History
You have not taken this quiz